| 000 | 00758nam a22001337a 4500 | ||
|---|---|---|---|
| 040 | _cRUA | ||
| 082 | _aAGR PIC 2011 B048 Or.1 | ||
| 100 | _aPICH OUTDOM | ||
| 245 | _aEffect of different fertilizer on phka romduol rice variety at crop station of royal university of agriculture,(ឥទ្ធិពលនៃប្រភេទជីផ្សេងគ្នាទៅលើពូជស្រូវផ្ការំដួល នៅស្ថានីយ៍ពិសោធន៍ដំណាំ នៃសាកកលវិទ្យាល័យភូមិន្ទកសកម្ម) | ||
| 260 |
_aphnom penh _bRUA _c2011 |
||
| 300 |
_axii, 48p. _cill. |
||
| 856 | _uhttps://drive.google.com/file/d/1GFic40sd1408HxIvkFYqiuyZaGYa1EVG/view?usp=sharing | ||
| 942 | _cAGR | ||
| 999 |
_c1142 _d1142 |
||